000 00710nam a22002414a 4500
001 ESSALUD
007 ta
008 t2011 pe gr 00| 0 spa d
040 _aESSALUD
041 _aspa
043 _cpe
082 _a338.911
_bN12/2012-2016
110 _aSistema de las Naciones Unidas en el Perú
_eautor
_951956
245 _aMarco de asistencia para el desarrollo del Sistema de las Naciones Unidas en el Perú 2012-2016
250 _a1 ed.
260 _aLima :
_bONU,
_c2011
300 _a39 páginas
650 _aDESARROLLO ECONÓMICO
650 _aDESARROLLO SOSTENIBLE
_95156
650 _aCOOPERACIÓN INTERNACIONAL
_92371
650 _aPERÚ
_913
942 _cBK
_e2026-06-23
_zAFC
999 _c22547
_d22547